000 00210 a2200097 4500
001 47609
100 _aMiksehe F
245 _aIs bombing decisive
260 _aLondon
_bGeorge Allen
_c
090 _c30622
_d30622
942 _aNUST-CAE
_cM
_c22917
999 _c282682
_d282682